000 00695nam a2200217 i 4500
001 27797
003 ES-MaACL
005 20230906153718.0
007 t|
008 030115s1973 mx |||| | spa d
100 1 _aAyres, Frank.
_924191
245 1 0 _aTeoría y problemas de ecuaciones diferenciales /
_cFrank Ayres ; traducción y adaptación Tomás Gómez de Dios.
260 _aMéxico :
_bMcGraw-Hill,
_c[1973]
300 _a296 p. ;
_c28 cm.
490 1 _aSerie de Compendios Schaum
650 0 4 _aEcuaciones diferenciales.
_912044
700 1 _aGómez de Dios, Tomás.
_957891
830 0 _aSerie de Compendios Schaum
_9181142
852 _aES-MaACL
_jE-5809
999 _c27797
_d27797